Environmental law handbook (Record no. 105438)
[ view plain ]
| 000 -LEADER | |
|---|---|
| fixed length control field | 01804cam a2200277 4500 |
| 001 - CONTROL NUMBER | |
| control field | ##L133624 |
| 008 - FIXED-LENGTH DATA ELEMENTS--GENERAL INFORMATION | |
| fixed length control field | 060524n2005 000 0 eng u |
| 020 ## - INTERNATIONAL STANDARD BOOK NUMBER | |
| International Standard Book Number | 1853289787 |
| -- | 9781853289781 |
| 035 ## - SYSTEM CONTROL NUMBER | |
| System control number | (Sirsi) u133624 |
| 041 0# - LANGUAGE CODE | |
| Language code of text/sound track or separate title | eng |
| 050 04 - LIBRARY OF CONGRESS CALL NUMBER | |
| Classification number | 614.7026 $2 18 |
| 100 1# - MAIN ENTRY--PERSONAL NAME | |
| Personal name | Hellawell, Trevor |
| 245 00 - TITLE STATEMENT | |
| Title | Environmental law handbook |
| 250 ## - EDITION STATEMENT | |
| Edition statement | 6th ed. |
| 260 ## - PUBLICATION, DISTRIBUTION, ETC. | |
| Place of publication, distribution, etc. | London |
| Name of publisher, distributor, etc. | Law Society Publishing |
| Date of publication, distribution, etc. | 2005 |
| 300 ## - PHYSICAL DESCRIPTION | |
| Extent | xxv, 292p. |
| Dimensions | 24cm. |
| 350 ## - PRICE (NR) (BK AM CF MU VM SE) [OBSOLETE] | |
| Price | 44 95 |
| 505 2# - FORMATTED CONTENTS NOTE | |
| Formatted contents note | Environmental liabilities -- Liability of specific individuals -- Contaminated land -- Interaction of contaminated land legislation with other legal regimes -- Dealing with contaminated land in legal transactions -- Sources of environmental information -- Residential property transactions -- Commercial property transactions -- Development of brownfield land -- Corporate transactions -- Funding and borrowing transactions -- Environmental insurance -- Use and engagement of environmental consultants. |
| 520 ## - SUMMARY, ETC. | |
| Summary, etc. | Provides a succinct account of the affect of environmental law on property, financial and business transactions. This updated edition includes new precedents for lease clauses, revised chapters dealing with commercial and residential property, guidance on the reading of environmental data reports, an enhanced section on planning considerations and searches, new regulations on environmental information, standard enquiries in property transactions, and information on current developments in EU law. Contains tables of cases, statutes, statutory instruments and European legislation. |
| 520 ## - SUMMARY, ETC. | |
| Summary, etc. | Supersedes 5th edition (ISBN 1853288918) |
| 650 ## - SUBJECT ADDED ENTRY--TOPICAL TERM | |
| Topical term or geographic name entry element | CONTAMINATED LAND |
| 651 #4 - SUBJECT ADDED ENTRY--GEOGRAPHIC NAME | |
| Geographic name | England and Wales |
| Chronological subdivision | 1543- |
| 690 ## - LOCAL SUBJECT ADDED ENTRY--TOPICAL TERM (OCLC, RLIN) | |
| Topical term or geographic name as entry element | Planning and development |
| 9 (RLIN) | 6259 |
| 942 ## - ADDED ENTRY ELEMENTS (KOHA) | |
| Suppress in OPAC | 0 |
| Withdrawn status | Lost status | Source of classification or shelving scheme | Damaged status | Not for loan | Home library | Current library | Shelving location | Date acquired | Cost, normal purchase price | Total Checkouts | Full call number | Barcode | Date last seen | Date last checked out | Copy number | Cost, replacement price | Price effective from | Koha item type |
|---|---|---|---|---|---|---|---|---|---|---|---|---|---|---|---|---|---|---|
| Dewey Decimal Classification | London | London | Books | 08/06/2006 | 38.21 | 5 | 614.7026 HEL | 30073015 | 06/08/2019 | 21/12/2009 | 1 | 38.21 | 06/08/2019 | Book |